000 00729nam a2200205Ia 4500
999 _c15079
_d15079
082 _a306.0807 NAI-;
100 _aNaik, T.B.
245 0 _aImpact of education on the Bhils: cultural change in the tribal life of Madhya Pradesh
260 _aNew Delhi
_bResearch Programmes Committee
_c1969
300 _axx, 337p.
504 _aIncludes index, bibliography
650 _aSocial change - Madhya Pradesh
650 _aBhil (Indic people) - Madhya Pradesh
650 _aTribes - Madhya Pradesh
650 _aBhil (Indic people) - Social life and customs
650 _aEducational anthropology - Madhya Pradesh
650 _aBhil (Indic people) - Social conditions
650 _aEthnology - Madhya Pradesh
942 _cBK